000 01138nam a2200265 i 4500
001 69184
003 ES-MaACL
005 20230906170445.0
007 t|
008 040916s1999 sp ||||1| spa d
080 _a316.72(460)(091)
080 _a316.72(460.12)
100 0 _aGómez-Tabanera, José Manuel,
_d1926-2011
_958165
245 1 0 _aAporías ante la llamada identidad cultural hispana
_b: el caso de la identidad cultural hispana /
_cJosé Manuel Gómez Tabanera.
260 _aMadrid :
_bJ.M. Gómez-Tabanera,
_c[1999]
300 _a46 p. :
_bmapas ;
_c21 cm.
500 _aComunicación presentada en el IV Congreso de Antropología aplicada, Pamplona, 14-16 octubre de 1998.
500 _aEn la port.: Gobierno de Navarra, Dirección General de Cultura, Instituto Príncipe de Viana.
504 _aBibliografía: p.[34]-38.
650 1 4 _aIdentidad cultural-
_zEspaña-
_xHistoria.
_913538
650 4 _aIdentidad cultural-
_zAsturias (Comunidad Autónoma)
_913532
711 2 _aCongreso de Antropología Aplicada (
_n4º.
_d1998.
_cPamplona)
_9293
852 _aES-MaACL
_j2179-F-24
_bR.134123
999 _c69184
_d69184